000 00541nam a2200193Ia 4500
003 GCL
008 140319s9999 xx 000 0 ara d
040 _aGCL /
_cGCL
082 0 4 _a330.9
_bط ث
100 1 _aطارق حجى
245 1 0 _aثالوث الدمار الدعم - زيادة السكان - التطرف /
_cطارق حجى
260 _a[S.N] :
_bلا يوجد
490 _a
650 0 4 _aمصر
650 0 4 _aالارهاب
650 0 4 _aالاحوال الاقتصادية
650 0 4 _aالسكان
942 _2ddc
_cBK
999 _c35970
_d35970